000 00725nam a22002537a 4500
005 20260515114947.0
008 230825b ||||| |||| 00| 0 eng d
020 _a9788194821076
040 _aIN-DiNC
_cIN-DiNC
041 _deng
082 _a810
_bBOR
100 _aBorah, Ajit Kumar
_eauthor
245 _aAmerican literature/
_cby Ajit Kumar Borah, Biswajit Neog and Kakoli Kashyap
250 _a2nd rev. ed.
260 _aJorhat:
_bBidya bhawan,
_c2022.
300 _a271p.
650 _aAmerican drama
650 _aAfrican American literature
650 _aAmerican short stories
650 _aAmerican poetry
700 _aNeog, Biswajit
_eauthor
700 _aKashyap, Kakoli
_eauthor
942 _2ddc
_cBK
999 _c11576
_d11576